Разработка обоснования перевода процесса сушки изоксазолкарбоновой кислоты в активный гидродинамический режим; Энергетика: Эффективность, надежность, безопасность

מידע ביבליוגרפי
Parent link:Энергетика: Эффективность, надежность, безопасность.— 2012.— [С. 382-383]
מחבר ראשי: Сечин А. И. Александр Иванович
מחברים אחרים: Гуляев М. В. Милий Всеволодович, Сечин А. А. Андрей Александрович
סיכום:Заглавие с титульного листа
שפה:רוסית
יצא לאור: 2012
סדרה:Экология и защита окружающей среды
נושאים:
גישה מקוונת:http://www.lib.tpu.ru/fulltext/c/2012/C15/149.pdf
פורמט: MixedMaterials אלקטרוני Book Chapter
KOHA link:https://koha.lib.tpu.ru/cgi-bin/koha/opac-detail.pl?biblionumber=233846

MARC

LEADER 00000naa2a2200000 4500
001 233846
005 20260120113707.0
035 |a (RuTPU)RU\TPU\book\254928 
035 |a RU\TPU\book\254927 
090 |a 233846 
100 |a 20130313d2012 k y0rusy50 ca 
101 0 |a rus 
102 |a RU 
135 |a drcn ---uucaa 
181 0 |a i  
182 0 |a b 
200 1 |a Разработка обоснования перевода процесса сушки изоксазолкарбоновой кислоты в активный гидродинамический режим  |f А. И. Сечин, М. В. Гуляев, А. А. Сечин 
203 |a Текст  |c электронный 
215 |a 1 файл (328 Кб) 
225 1 |a Экология и защита окружающей среды 
300 |a Заглавие с титульного листа 
320 |a [Библиогр.: с. 383 ( 4 назв.)] 
337 |a Adobe Reader 
463 1 |0 (RuTPU)RU\TPU\book\254143  |t Энергетика: Эффективность, надежность, безопасность  |o материалы XVIII Всероссийской научно-технической конференции, 5-7 декабря 2012 г., Томск  |f Национальный исследовательский Томский политехнический университет (ТПУ) ; ред. кол. В. В. Литвак [и др.]  |v [С. 382-383]  |d 2012 
610 1 |a труды учёных ТПУ 
610 1 |a электронный ресурс 
610 1 |a разработка 
610 1 |a сушка 
610 1 |a материалы 
610 1 |a кислоты 
610 1 |a гидродинамический режим 
700 1 |a Сечин  |b А. И.  |c специалист в области экологии и безопасности жизнедеятельности  |c профессор Томского политехнического университета, доктор технических наук  |f 1950-  |g Александр Иванович  |3 (RuTPU)RU\TPU\pers\26051  |9 11890 
701 1 |a Гуляев  |b М. В.  |c российский учёный в области экологии и безопасности жизнедеятельности  |c доцент Томского политехнического университета  |g Милий Всеволодович  |3 (RuTPU)RU\TPU\pers\26050 
701 1 |a Сечин  |b А. А.  |c специалист в области экологии и безопасности жизнедеятельности  |c доцент Томского политехнического университета, кандидат технических наук  |f 1974-  |g Андрей Александрович  |3 (RuTPU)RU\TPU\pers\26053  |9 11892 
801 1 |a RU  |b 63413507  |c 20120830 
801 2 |a RU  |b 63413507  |c 20140304  |g RCR 
856 4 |u http://www.lib.tpu.ru/fulltext/c/2012/C15/149.pdf 
942 |c CF